00453 2200169 4500001002100000005001500021008004100036020002200077035001900099041000700118082001500125090002000140100003500160245003400195260002400229300003000253INLIS00000000000016520241224112128241224||||||||| | ||| |||| || |  a978-979-054-333-1 0010-1224000165 aid0 a34,202,598 a342.02598 YUY s0 aYuyus Kardiman dan Kawan-kawan00aSejarah Terbentuknya UUD 1945 aBogorbQuadrac2010 aiv, 76 hlm.: ilus.; 25 cm